000 00499ntaaa2200193 4500
003 01
005 20251027201849.0
008 0714s1973 ag 01
040 _aAR-BaBN
_bspa
_cAR-BaBN
_eaacr
_dRIC
082 _a248.2000 G76
100 _aGraham, Billy
_9740
245 _aLa vida feliz
250 _a1 ed.
260 _aBuenos Aires :
_bAsociacion Evangelistica Billy Graham,
_c1972
300 _a63 p
500 _aExtractos del libro "Paz con Dios"
650 _avida cristiana
942 _cBK
999 _c13317
_d13317